| 000 | 00911cab a22002295a 4500 | ||
|---|---|---|---|
| 001 | L155988 | ||
| 008 | 120424e20120414xxk 000 0 eng d | ||
| 035 | _a(Sirsi) u155988 | ||
| 041 | 0 | _aeng | |
| 050 | _a346.410435 $2 18 | ||
| 100 | 1 | _aOldfield, Alison | |
| 245 | 0 | 0 | _aWhen is the right time for rights of light |
| 260 | _c2012 | ||
| 490 |
_aEstates Gazette _v(1215) 14 April 2012, 88-90(3) |
||
| 520 | _aA series of cases in recent years have considered the circumstances in which a neighbouring landowner can obtain an injunction to protect their rights of light. One of the remedies available in these cases is a quia timet injunction to prevent the obstruction but there must be an immediate threat of interference by the developer. | ||
| 590 | _aKA | ||
| 651 | 4 | _aENGLAND AND WALES | |
| 690 | _aRIGHTS TO LIGHT | ||
| 690 |
_aProperty management _96262 |
||
| 700 | 1 | _aWells, Emma | |
| 942 | _n0 | ||
| 999 |
_c83939 _d83939 |
||